00494nam a2200193 a 4500001001300000003000900013005001700022008004100039020001000080082001300090100001900103245002700122260005300149300000900202500003500211505001000246650002500256700001900281nice12345678IN_TiNIC20260116011418.0050524s1959 chia grp 000 0 eng  ac10000a291bGAR aGarbe, Richard aIndia and Christendom. aChicago, LondonbOpen Court Publishing Co.c1959 a109p aincludes index and biblioraphy2 aIndex aComparative Religion1 aGarbe, Richard